| 000 | 00830nam a2200241 u 4500 | ||
|---|---|---|---|
| 005 | 20240806063821.0 | ||
| 008 | 100422s2009 cl r 000 0 spa d | ||
| 020 | _a9589782531 | ||
| 035 | _aUPN01000175472 | ||
| 049 | _aCG | ||
| 050 | 4 |
_aPQ2469 E8 _bV8.3a |
|
| 100 | 1 |
_aVerne, Jules, _d1828-1905 _927907 |
|
| 245 | 1 | 3 |
_aLa vuelta al mundo en ochenta días / _cJulio Verne ; il. Germán Bello ; tr. Eliana Agrana Fernández. |
| 260 |
_aBogotá : _bGato Azul : _bCangrejo, _c2009. |
||
| 300 |
_a311 p. : _bil. col. |
||
| 440 | 0 | _aJulio Verne | |
| 534 |
_pTítulo original: _tLe tour du monde en quatre-vingrs jours |
||
| 650 | 0 |
_aHistorias de aventuras _94131 |
|
| 650 | 0 |
_aLiteratura francesa _ySiglo XIX _912797 |
|
| 650 | 4 |
_aLiteratura juvenil _95153 |
|
| 650 | 0 |
_aViajes alrededor del mundo _vNovela _94089 |
|
| 905 | _aLibro | ||
| 999 |
_c147576 _d147576 |
||